La Reforma del Patio de los Naranjos
Descripción Física:
Il·lustracions
Colección:
San Jorge,
; núm. 2 (abril 1951), pàg. 45-47
Materias:
Palau de la Generalitat de Catalunya -- Conservació i restauració
; Pati dels Tarongers (Barcelona, Catalunya)
Idioma:
Español
MARC
| LEADER | 00000naa a2200000 a 4500 | ||
|---|---|---|---|
| 008 | 160829s1951 spcaxx s spa c | ||
| 040 | |a agdb | ||
| 245 | 0 | 3 | |a La Reforma del Patio de los Naranjos |
| 300 | |b Il·lustracions | ||
| 490 | |a San Jorge, |v núm. 2 (abril 1951), pàg. 45-47 | ||
| 610 | 2 | 0 | |a Palau de la Generalitat de Catalunya |x Conservació i restauració |9 54546 |
| 610 | 2 | 0 | |a Pati dels Tarongers (Barcelona, Catalunya) |9 54547 |
| 773 | |t San Jorge. |g Núm. 2 (abril 1951), pàg. 45-47 | ||
| 901 | |a Arxiu | ||
| 942 | |n 1 |2 udc |c ART | ||
| 952 | |0 0 |1 0 |4 0 |7 1 |9 64529 |a Arxiu |b Arxiu |d 2022-11-30 |o Rev-508 |r 2022-11-30 00:00:00 |w 2022-11-30 |y ARXIU |z També disponible a Rev-521 | ||
| 999 | |c 48216 |d 48216 | ||